Movies Quiz

Random Movies or Clickable Quiz

DreamWorks Character Sorting Gallery Quiz Stats

 Plays Quiz Updated Jun 26, 2017

Support Sporcle.
Go Orange.
Score 0/55 Timer 07:00
0 Plays Today
% Correct
Donkey
96.6%
Princess Fiona
93.1%
Lord Farquaad
89.8%
Fairy Godmother
88.4%
Prince Charming
86.4%
Dragon
84.9%
Rumpelstiltskin
78.3%
Po
78%
Tigress
75.8%
Master Shifu
75.6%
King Harold
71.5%
Tai Lung
71.4%
Mantis
70.6%
Gloria
69.5%
Marty
69.2%
Crane
68.6%
Alex
66.4%
Monkey
66%
Viper
65.7%
King Julien
64.7%
Toothless
62.3%
Melman
62.2%
Queen Lillian
60.4%
Jack Frost
58.8%
Hiccup
57.8%
Astrid
55.7%
Tooth Fairy
53.4%
Metro Man
53.4%
% Correct
Sandman
52.6%
Skipper
49.7%
Arthur Pendragon
47.9%
Hammy
46.9%
Snotlout
46.8%
Oogway
46.1%
Bunnymund
44.9%
Mort
44.8%
Stoick the Vast
42.4%
Private
41.7%
RJ
40.2%
Pitch Black
39%
Mrs. Tweedy
36.5%
Oscar
36.3%
Ginger
35.9%
North
33.9%
Roxanne Ritchi
33.1%
Lou
33.1%
Z
32.9%
Minion
32.7%
Verne
31.3%
Rocky
31%
Angie
30%
Hal Stewart
28.5%
Jamie Bennett
24.5%
Quillo
23.7%
Dwayne
23.1%

You're not logged in!

Compare scores with friends on all Sporcle quizzes.
OR
Log In
Forgot?

From the Vault

Civilization II Technologies

by TerryWilhelmer

This quiz is rated E for everyone.
Remove Ads.
Support Sporcle.
Get the best of Sporcle when you Go Orange. This ad-free experience offers more features, more stats, and more fun while also helping to support Sporcle. Thank you for becoming a member.

Show Comments

Extras

Top Quizzes Today


Score Distribution

Your Account Isn't Verified!

In order to create a playlist on Sporcle, you need to verify the email address you used during registration. Go to your Sporcle Settings to finish the process.

Report this User

Report this user for behavior that violates our Community Guidelines.

Details: